000 01048nam a2200193 i 4500
001 151696
003 ES-MaACL
005 20251014063214.0
008 931025m18421865fr |||| | por d
100 1 _aSantarém, Manuel Francisco de Barros e Sousa,
_cVisconde de,
_d1791-1856
_9125835
245 1 0 _aQuadro elementar das relaçoes politicas e diplomaticas de Portugal com as diversas potencias do mundo
_b: desde ó principio da monarchia portugueza até aos nossos dias /
_cordenado e composto pelo Visconde de Santarem ; [continuado por Luiz Augusto Rebelo da Silva].
260 _aPariz :
_b[s.n.],
_c1842-1865 (
_fOfficina Typ. de Fain e Thunot)
300 _a19 v. ;
_c23 cm.
500 _aLos tomos 9, 16, 17 y 18 son los continuados por Rebello da Silva, según consta en sus portadas.
651 7 _aPortugal-
_xPolítica exterior
_2
_9156113
700 1 _aSilva, Luis Augusto Rebello da,
_d1822-1871
_9132743
852 _aES-MaACL
_jG-6959-76
_z-- Enc. pasta española
_q-- Falto de los T. XVI y XIX
999 _c151696
_d151696